Special relativity
Պահպանված է:
| Հիմնական հեղինակ: | |
|---|---|
| Ձևաչափ: | Գիրք |
| Լեզու: | անգլերեն |
| Հրապարակվել է: |
Nueva York
Dover
1988
|
| Շարք: | Dover books on relativity and related areas
|
| Խորագրեր: | |
| Ցուցիչներ: |
Ավելացրեք ցուցիչ
Չկան պիտակներ, Եղեք առաջինը, ով նշում է այս գրառումը!
|
MARC
| LEADER | 00000nam a2200000 a 4500 | ||
|---|---|---|---|
| 001 | UCX5832 | ||
| 003 | CL-VaPUC | ||
| 008 | 930120e19880000US |||||||||||||||||eng|d | ||
| 082 | 0 | 4 | |a 530.11 |b SHA |2 21 |
| 100 | 0 | |a Shadowitz, Albert |e author |9 322196 | |
| 245 | 1 | 0 | |a Special relativity |
| 300 | |a 203 p | ||
| 942 | |c BK | ||
| 945 | |d 19930120 00:00:00 | ||
| 260 | |a Nueva York |b Dover |c 1988 | ||
| 650 | 0 | |a Relatividad especial (Física) |9 319207 | |
| 583 | |a last modification |c 19930120 00:00:00 |k Rodrigo Vera | ||
| 490 | 0 | |a Dover books on relativity and related areas | |
| 999 | |c 225991 |d 225989 | ||
| 952 | |0 0 |1 0 |4 0 |6 530_110000000000000_SHA_1988 |7 0 |8 A |9 223983 |a BIBCUR |b BIBCUR |d 2019-11-15 |i 2927993 |o 530.11 SHA 1988 |p 2927993 |r 2025-04-22 |w 2019-11-15 |y BK |k FIS | ||